[Event "Gibraltar Masters 10th"]
[Site "Caleta"]
[Date "2012.02.01"]
[Round "9"]
[White "Mamedyarov, Shakhriyar"]
[Black "Akobian, Varuzhan"]
[Result "1-0"]
[WhiteElo "2747"]
[BlackElo "2617"]
[Annotator "Krasenkow,M"]
[PlyCount "207"]
[EventDate "2012.01.24"]
[EventType "swiss"]
[EventRounds "10"]
[EventCountry "GGB"]
[SourceTitle "CBM 147"]
[Source "ChessBase"]
[SourceDate "2012.03.16"]
[SourceVersion "1"]
[SourceVersionDate "2012.03.16"]
[SourceQuality "1"]

1. d4 d5 2. c4 e6 3. Nc3 c5 4. cxd5 exd5 5. Nf3 Nc6 6. g3 Nf6 7. Bg2 Be7 8. O-O
O-O 9. Bg5 c4 10. Ne5 Be6 11. Nxc6 bxc6 12. b3 Qa5 13. Qd2 {A rare
continuation compared to} (13. Na4 {and}) (13. Qc2) 13... Bb4 {Obvious but
premature.} (13... Rad8 $142 $1 14. Rfd1 (14. Na4 Qxd2 15. Bxd2 cxb3 16. axb3
Ne4 17. Ba5 Rb8 18. Rfb1 Bf5 19. f3 Ng5 20. Rb2 Ne6 $11 {1/2 Brodsky,M (2597)
-Ikonnikov,V (2555)/Le Touquet 2007/EXT 2008 (35)}) (14. bxc4 dxc4 15. Bxc6 Bb4
$1 16. Bxf6 (16. Rac1 Qb6 17. d5 Rxd5 $1 18. Bxd5 Nxd5 19. Be3 Qb7 20. Bd4 Nxc3
21. Bxc3 Bxc3 22. Rxc3 Bh3 23. f3 Bxf1 24. Kxf1 Qc7 $11 {D.Yevseev}) 16... gxf6
17. Rfc1 Qb6 18. Be4 Qxd4 $15 {1/2 Heuer,T (2260)-Bach,M (2320)/Germany 1998/
EXT 1999 (54)}) 14... Bb4 15. Bxf6 gxf6 16. Rdc1 $1 (16. Rac1 c5 $1 17. Qc2 (
17. bxc4 cxd4 18. Qxd4 Bxc3 19. Qxc3 Qxc3 20. Rxc3 dxc4 $15 {D.Yevseev}) 17...
cxb3 18. axb3 cxd4 19. Na4 Rc8 20. Qd3 Bc3 21. Rc2 Qb4 22. Rdc1 Qxb3 23. Nxc3
Rxc3 24. Rxc3 dxc3 25. Rxc3 Qb4 $15 {1/2 Golod,V (2578)-Kristensen,K (2259)/
Bornholm 2008/CBM 125 Extra (83)}) 16... Ba3 $142 (16... c5 17. bxc4 dxc4 (
17... cxd4 18. Qxd4 Bxc3 19. Rxc3 dxc4 20. Qxf6) 18. d5 $1 Bxd5 19. Bxd5 Bxc3 {
1/2 Zhu Chen (2490)-Kovalevskaya,E (2421)/Nalchik 2011/CBM 145 (44)} 20. Qxc3
$1 Qxc3 21. Bxf7+ Kxf7 22. Rxc3 $16 {D.Yevseev}) 17. Rc2 Bf5 18. e4 Bg6 19.
bxc4 dxc4 20. Qe3 Rfe8 21. h4 f5 22. Nb1 Bf8 23. Nd2 fxe4 24. Rxc4 Qd5 25. Rac1
c5 $13 {1/2 Loginov,V (2532)-Yevseev,D (2553)/St Petersburg 2002/EXT 2003 (48)}
) 14. Bxf6 gxf6 15. Rfc1 Rad8 $6 {This move leads to the above variation with
a loss of a tempo for Black. Not surprisingly, he gets a poor position.} (15...
Ba3 16. Rc2 Bf5 17. e4 dxe4 {0-1 Anic,D (2499)-Pecot,L (2229)/France 2000/EXT
2001 (39)} 18. Bxe4 $16) (15... Rac8 16. bxc4 dxc4 17. a3 (17. e4 $143 Rfd8 18.
Qe3 Rc7 19. e5 Be7 20. Qf4 Kg7 21. Ne2 fxe5 22. dxe5 Rcd7 {1/2 Lugovoi,A (2563)
-Bluvshtein,M (2451)/Gausdal 2003/CBM 093 ext}) 17... Bxc3 18. Rxc3 (18. Qxc3
Qxc3 19. Rxc3 Rfd8 20. e3 c5 21. d5 Bxd5 22. Bxd5 Rxd5 23. Rxc4 Rb8 24. Ra2 Rb3
25. Kg2 $14 {_|_1/2 Zhou Jianchao (2612)-Akobian,V (2606)/Beijing 2008/CBM 126
Extra (66)}) 18... Rfd8 19. e3 (19. Rac1 Rd6 20. Qf4 Rcd8 21. e3 Kg7 22. h4 c5
23. d5 Bxd5 24. Bxd5 Rxd5 25. Qxc4 $14 {1-0 Loginov,V (2540)-Monin,N (2390)/
Budapest 1994/EXT 1997 (42)}) 19... c5 20. d5 Bxd5 21. Bxd5 Rxd5 22. Qc2 $14 {
1-0 Kotsur,P (2568)-Namir,M (2202)/Ha Long City 2009/CBM 133 Extra (31)}) 16.
bxc4 (16. a3 Bxc3 17. Qxc3 Qxc3 18. Rxc3 c5 $1) 16... dxc4 17. e3 c5 {
Otherwise Black has a ruined pawn structure "for nothing".} 18. d5 $1 {A
typical reply, which you have already seen in the games quoted above.} Bxc3 19.
Rxc3 Bxd5 20. Bxd5 Rxd5 21. Qc2 {Compared to Kotsur-Namir, White has
practically an extra tempo.} Rb8 22. Rxc4 Rb4 23. Rb1 Rxb1+ 24. Qxb1 Qb6 25.
Qc2 f5 26. Rf4 Qc6 27. h3 (27. Rxf5 Rxf5 28. Qxf5 c4 {gives Black counterplay
due to his passed pawn. Therefore White continues manoeuvring, and it is very
difficult for Black to hold his numerous weaknesses.}) 27... h6 28. Kh2 a6 29.
a4 Kg7 30. a5 Qe6 31. Qc3+ Qe5 32. Qc4 Qe6 33. h4 Kg8 34. Qc2 Kg7 35. e4 fxe4
36. Rxe4 Qf5 (36... Qd6 $142) 37. Qb2+ Rd4 {Black decides to give up a pawn.} (
37... Kh7 38. Rf4 Qd7 39. Qf6 $18 {[%cal Rf6f7,Rf6a6]}) (37... Kg6 38. Rf4 Qe6
39. Qh8 $16) (37... f6 38. Re7+ Kg6 39. Qe2 $16) 38. Rxd4 cxd4 39. Qxd4+ {
[%mdl 4096] Such queen endgames, with an extra pawn on the kingside, where it
is very difficult to create a passed pawn, are not easy to win. Therefore it
is interesting to see GM Sh.Mamedyarov's technique.} f6 {Perhaps it was better
to keep pawns on f7 and h6:} (39... Kh7) 40. Qb6 h5 41. Kg1 Qd3 42. Qb7+ Kg6
43. Kg2 Qc4 44. Qb1+ Kg7 45. Qf5 Qc6+ 46. Kh2 Kh6 47. Kg1 Qc1+ 48. Kg2 Qc6+ 49.
Qf3 Qd6 50. Kf1 Kg6 51. Qe4+ Kg7 52. Qf5 Qc6 53. Kg1 Kh6 54. Kh2 Qd6 55. Kh3
Qc6 56. f3 Qc3 57. g4 {Finally creating a passed pawn, thanks to the fact that
Black has played ...h6-h5.} hxg4+ 58. Kxg4 Qb2 59. Qf4+ Kg7 60. Qc7+ Kg6 (60...
Kh6 61. Kf5 Qg2 62. f4 Qg6+ 63. Ke6 f5+ 64. Kd7) 61. h5+ $1 Kh6 62. Kf5 Qb5+
63. Kxf6 Qg5+ 64. Ke6 Qe3+ 65. Kd7 (65. Qe5 $142 $1 Qxf3 66. Kd7) 65... Kxh5
66. f4 Kg4 67. Kc8 Qb3 68. Qe5 Qb4 69. Kc7 Qb3 70. Kc6 Qb4 71. Qg5+ Kf3 72.
Qh5+ Kg3 73. Qg5+ Kf3 74. Kc7 {White doesn't hurry.} Qb3 75. Qf6 Qb4 76. Qe5
Kg4 77. f5 Kg5 78. Kc6 Qb3 79. Qc5 $2 {This decentralisation is wrong.} (79.
f6+ $1 Kg6 80. Kc7 Qb4 81. Kc8 Qb3 82. Qe7 $18 {Black must give up his a6 pawn,
and White gradually wins.}) 79... Qb8 $1 80. Kd7 Qb7+ 81. Ke6 Qb3+ 82. Kd7 Qb7+
83. Kd6 Qb3 $2 {Black could have hold his ground by means of} (83... Kf6 84.
Qe5+ Kg5 {or}) (83... Qb8+ 84. Kc6 Kf6) 84. Kc7 $1 {The key square for White's
king!} Qf7+ (84... Qb2 85. f6+ $1 Kg6 86. Qe7 $18) 85. Kb6 Qe8 86. Kxa6 {
White has won a second pawn but he still has a long way to go.} Qa8+ 87. Kb6
Qb8+ 88. Kc6 Qc8+ 89. Kd5 (89. Kd6 $142 $1 Qf8+ (89... Qd8+ 90. Ke6) 90. Kd5 {
not allowing Black to give checks from the rear.}) 89... Qd7+ 90. Kc4 Qa4+ 91.
Kc3 Qa1+ 92. Kb4 Qb2+ (92... Qb1+ $1 {, and the best way for White is to go
back to d6:} 93. Kc3 (93. Ka4 Qe4+ 94. Kb5 Qb7+) 93... Qa1+ 94. Kc4 Qa4+ 95.
Kd3 Qd1+ 96. Ke4 Qa4+ 97. Ke5 Qe8+ 98. Kd6 $1 Qf8+ 99. Kd5 $1 Qg8+ 100. Kd4
Qd8+ 101. Kc3 {etc.}) 93. Ka4 (93. Kc4 $142 $1 {aiming both at b5 and d5.})
93... Qa2+ (93... Qe2 $1 {, and White must "take his moves back":} 94. Kb4 Qe4+
95. Kc3 Qe1+ 96. Kd4 {etc.}) 94. Kb5 {White's king now hides in front of his
pawns.} Qb3+ 95. Kc6 Qa4+ 96. Kc7 {It is better to move towards Black's king:}
(96. Kd6 Qf4+ 97. Ke7) 96... Qf4+ 97. Kb7 (97. Kd7 $1) 97... Qe4+ 98. Ka7 Qe8
99. Qd5 Qe7+ 100. Kb8 Qe8+ 101. Kc7 Qe7+ 102. Kc8 Qa7 103. f6+ Kxf6 $4 {
[%mdl 8192]} (103... Kg6 104. f7 Qf2 $1 {enabled Black to continue his
resistance. After the text move White simply exchanges the queens.}) 104. Qd8+
$1 1-0

[Event "Gashimov Memorial 5th"]
[Site "Shamkir"]
[Date "2018.04.27"]
[Round "8"]
[White "Ding, Liren"]
[Black "Mamedov, Rauf"]
[Result "1-0"]
[WhiteElo "2778"]
[BlackElo "2704"]
[Annotator "Krasenkow,M"]
[PlyCount "83"]
[EventDate "2018.04.19"]
[EventType "tourn"]
[EventRounds "9"]
[EventCountry "AZE"]
[EventCategory "21"]
[SourceTitle "CBM 184"]
[Source "ChessBase"]
[SourceDate "2018.05.16"]
[SourceVersion "1"]
[SourceVersionDate "2018.05.16"]
[SourceQuality "1"]

1. d4 d5 2. c4 e6 3. Nf3 c5 4. cxd5 exd5 5. g3 Nc6 6. Bg2 Nf6 7. O-O Be7 8. Nc3
O-O 9. Bg5 c4 10. e3 $5 {A recently popular move. Its idea is to get the
e2-square for the knight in some variations. b2-b3 remains White's main plan
but he wants to play it in a more comfortable situation than in the main line}
(10. b3 Qa5 {etc.}) 10... Be6 (10... Qa5 $6 11. Ne5 Rd8 12. f4 h6 13. Bh4 Bf5
$2 14. g4 Bh7 15. g5 Ne4 16. g6 Bxg6 17. Nxc6 bxc6 18. Bxe7 $18 {1-0 (31)
Zueger,B (2445)-Flueckiger,C (2318) Switzerland 2006}) (10... h6 11. Bxf6 Bxf6
12. b3 $14) 11. b3 {[%mdl 4] The most logical continuation but a lot of
alternatives have been seen in practice:} (11. Bxf6 Bxf6 12. b3 Qa5 13. Ne2 {
1-0 (60) Kozul,Z (2588)-Zelcic,R (2540) Porec 2014} b5 $13) (11. Ne1 Ne8 $6 (
11... Qd7 $5) 12. Bxe7 Nxe7 13. b3 Rc8 14. bxc4 Rxc4 15. Ne2 f6 16. Nf4 $14 {
1-0 (53) Salgado Lopez,I (2607)-Vera Gonzalez Quevedo,R (2513) Vecindario 2010}
) (11. Nd2 Qa5 (11... Nd7 12. Bxe7 Nxe7 13. b3 Qa5 14. Qc2 b5 15. e4 Nc6 16.
exd5 Nxd4 17. Qd1 Bg4 18. Qxg4 Qxc3 19. Ne4 f5 20. Nxc3 fxg4 21. Rfd1 $16 {
1-0 (33) Graf,A (2643)-Meinhardt,M (2372) Neustadt an der Weinstrasse 2009}) (
11... Rc8 12. b3 Qa5 13. Bxf6 Bxf6 14. bxc4 Qxc3 15. cxd5 $16 {1-0 (37)
Ruperez,M (2229)-Barrionuevo,P (2312) Villa Martelli 2014}) (11... h6 12. Bxf6
Bxf6 13. b3 cxb3 14. Nxb3 Rc8 15. Nc5 b6 16. Nxe6 fxe6 17. Ne2 g5 18. Rc1 Qd7
19. Qd3 $14 {1-0 (34) Zoler,D (2484)-Rostgaard,T (2287) Helsingor 2016}) 12. a3
h6 13. Bxf6 Bxf6 14. Qh5 Rad8 15. Rfc1 {1-0 (38) Graf,A (2604)-Meins,G (2446)
Osterburg 2006 CBM 112 [Ftacnik,L]} Rd7 16. b3 Rfd8 $13) (11. Ne5 Nd7 $5 (11...
Qa5 12. f4 Rad8 {1-0 (33) Cserey,G (2350)-Bene,K (2265) Hungary 1995} 13. f5
Bc8 14. Bxf6 Bxf6 15. Ng4 $16) (11... h6 12. Bxf6 Bxf6 13. Nxc6 bxc6 14. b3
cxb3 15. Qxb3 Rb8 16. Qc2 $14) 12. Nxd7 Qxd7 13. Bxe7 Nxe7 14. Re1 Rfd8 15. b4
b5 16. a4 a5 17. Qb1 Nc6 18. axb5 Nxb4 $13 {1-0 (34) Enders,P (2495)
-Michaelsen,N (2435) Germany 1996}) 11... cxb3 (11... Qa5 12. Qc2 (12. Ne2 $5)
12... h6 13. Bxf6 Bxf6 14. bxc4 dxc4 15. Rab1 $14 Bf5 $6 16. Ne4 Be7 17. Rxb7
$16 {1-0 (40) Relange,E (2478)-Pecot,L (2225) France 1999}) 12. Qxb3 $14 {
White's small advantage consists of his superior pawn structure (2 islands vs
3, with Black's d5-pawn being a serious weakness).} Na5 (12... Ne4 13. Bxe7
Qxe7 14. Rfc1 $14) 13. Qb2 Ne4 14. Nxe4 {White helps Black to repair his pawn
structure but obtains a potentially strong protected passed pawn.} (14. Bxe7 $5
Qxe7 15. Ne5 f6 16. Nd3 {was a more complicated alternative.}) 14... dxe4 15.
Bxe7 Qxe7 16. Nd2 Nc4 ({Also after} 16... f5 17. Rfc1 {[%cal Yg2f1] White
keeps initiative.}) 17. Nxc4 Bxc4 18. Rfc1 Rac8 19. a4 g6 20. a5 Rc6 $6 {
Underestimating White's reply.} (20... Bd5 $5 21. Bh3 Rc7) 21. Bf1 $1 {[%mdl
32] White exchanges Black's important bishop, a defender of his position.} b5
$6 (21... Bd5 22. Rxc6 Bxc6 23. Rc1 {[%cal Yc1c5] is now clearly favourable
for White.}) (21... Rfc8 $142 22. Rxc4 Rxc4 23. Bxc4 Rxc4 24. Rb1 Rc7 $14) 22.
axb6 Rxb6 23. Qa3 Qxa3 24. Rxa3 Bxf1 25. Kxf1 $16 {[%mdl 4096] This rook
endgame is much better for White: Black's a-pawn is weak, and White's d-pawn
is strong; besides, Black's kingside pawn structute is quite vulnerable: his
e4-pawn can only be relatively safely protected by ...f7-f5, which, however,
enables the g3-g4 undermining. g3-g4 is possible before ...f7-f5, too.} a6 26.
Rc5 $6 (26. Rca1 $142 $1 Ra8 27. g4 {(Chesspro.ru)} f5 28. gxf5 gxf5 29. Ra5
$16) 26... f5 27. h3 Rff6 28. Kg2 h5 29. Raa5 {It turns out that it is not
easy for White to push g3-g4 now:} (29. g4 $6 fxg4 30. hxg4 Rb2) (29. Ra2 {
[%cal Yg3g4]} Rfc6 $1) 29... Kg7 (29... Rfc6 30. Rxc6 Rxc6 31. g4 $1) 30. Rc7+
Rf7 31. Rc8 h4 $1 32. Re8 hxg3 33. Kxg3 Rb3 34. Kg2 Rb2 $1 {[%mdl 512] Black
finally gives up his a6-pawn to activate his rooks and create counterplay.} 35.
Rxa6 f4 36. exf4 Rxf4 37. Ra7+ Kh6 $4 {[%mdl 8192] But this is a bad blunder.}
(37... Kf6 {was correct. If} 38. Kg3 {then} Rf3+ 39. Kg4 Rbxf2 40. Rxe4 {
(there is nothing better as White can't mate Black's king)} Rd3 {, and Black
should not lose.}) 38. Kg3 $1 {It turns out that the position of Black's king
on h6 is fatal.} Rf6 (38... Rf3+ 39. Kg4 {[%cal Re8h8]}) (38... Rbxf2 39. Rh8+
Kg5 40. h4+ Kf5 (40... Rxh4 41. Ra5+ $1) 41. Rf8+ $18) 39. h4 g5 40. Rh8+ Kg6
41. Rg8+ Kf5 42. Rxg5+ (42. Rxg5+ Ke6 43. Re5+ Kd6 44. Ra6+ $18) 1-0

[Event "Tata Steel-B 74th"]
[Site "Wijk aan Zee"]
[Date "2012.01.20"]
[Round "6"]
[White "Lagno, Kateryna"]
[Black "Harika, Dronavalli"]
[Result "1/2-1/2"]
[WhiteElo "2557"]
[BlackElo "2516"]
[Annotator "Let's Check"]
[PlyCount "131"]
[EventDate "2012.01.14"]
[EventType "tourn"]
[EventRounds "13"]
[EventCountry "NED"]
[EventCategory "15"]
[SourceTitle "CBM 147"]
[Source "ChessBase"]
[SourceDate "2012.03.16"]
[SourceVersion "1"]
[SourceVersionDate "2012.03.16"]
[SourceQuality "1"]

1. Nf3 d5 2. d4 e6 3. c4 c5 4. cxd5 exd5 5. g3 Nc6 6. Bg2 Nf6 7. O-O Be7 8.
dxc5 Bxc5 9. Nc3 O-O 10. Na4 Be7 11. Be3 Re8 12. Rc1 Bg4 13. Nc5 Qb6 14. Nb3
Qa6 15. a3 Rac8 16. Re1 Na5 17. Nxa5 Qxa5 18. Nd4 Rxc1 19. Qxc1 Rc8 20. Qb1 Bf8
21. Rc1 a6 22. h3 Bd7 23. Rxc8 Bxc8 24. Qc1 Qc5 25. Qxc5 Bxc5 26. Nc2 b6 27. b4
Bxe3 28. Nxe3 Be6 29. f4 Kf8 30. g4 g6 31. Kf2 Ke7 32. f5 gxf5 33. gxf5 d4 34.
fxe6 dxe3+ 35. Kxe3 Kxe6 36. Kd4 Kd6 37. Bb7 a5 38. bxa5 bxa5 39. Kc4 Nd7 40.
Kb5 Nc5 41. Bf3 a4 42. Kb4 h6 43. h4 f6 44. Kb5 f5 45. Kb4 Ne6 46. Kxa4 Kc5 47.
Ka5 Nd4 48. Ka6 f4 49. Kb7 Kb5 50. h5 Nc2 51. Kc7 Nxa3 52. Kd6 Nc2 53. Ke5 Kc5
54. Kxf4 Kd6 55. Kf5 Ke7 56. Kg6 Ne3 57. Kxh6 Kf6 58. Kh7 $2 (58. Be4 Ng4+ 59.
Kh7 $18) 58... Kg5 $11 59. Kg7 Nf5+ 60. Kf7 Kh6 61. Kg8 Kg5 62. Kf8 Ne3 63. Kg7
Nf5+ 64. Kf7 Kh6 65. Bg4 Ne3 66. Bf3 1/2-1/2

[Event "Bundesliga 0102"]
[Site "Germany"]
[Date "2002.04.27"]
[Round "14.6"]
[White "Levin, Felix"]
[Black "Espig, Lutz"]
[Result "1-0"]
[WhiteElo "2541"]
[BlackElo "2421"]
[Annotator "Levin,F"]
[PlyCount "79"]
[EventDate "2001.10.06"]
[EventType "team-tourn"]
[EventRounds "15"]
[EventCountry "GER"]
[SourceTitle "CBM 089"]
[Source "ChessBase"]
[SourceDate "2002.08.12"]
[SourceVersion "1"]
[SourceVersionDate "2002.08.12"]
[SourceQuality "1"]
[WhiteTeam "Werder Bremen"]
[BlackTeam "Koenig Plauen"]
[WhiteTeamCountry "GER"]
[BlackTeamCountry "GER"]

1. d4 {Ftacnik} d5 2. c4 e6 3. Nf3 c5 4. cxd5 exd5 5. g3 Nc6 6. Bg2 Nf6 7. O-O
Be7 8. Nc3 O-O 9. b3 Ne4 10. Bb2 Bf6 11. Na4 b6 12. Rc1 Re8 13. dxc5 Bxb2 14.
Nxb2 bxc5 15. Nd2 $1 (15. Na4 Ba6 16. Re1 Qa5 $5 (16... c4 17. Nd2 Qf6 18. Nxe4
dxe4 19. bxc4 e3 $132)) 15... Ba6 (15... Qf6 16. Na4 $1 (16. Nxe4 dxe4 17. Na4
Bg4 $132 {/\Rad8}) 16... Ba6 17. Nxe4 dxe4 18. Qd2 Rad8 19. Qe3 Nd4 20. Rfe1
$14 {, Speelman-Luther, Bundesliga 2002}) 16. Nxe4 dxe4 17. Rxc5 Qf6 18. Nc4
Rad8 19. Qc1 Nd4 20. Re1 h6 {Ftacnik: 'The active black pieces are hoping for
compensation for the lacking pawn, but white's chances are objectively better.'
} 21. Bf1 $1 $16 Rc8 $6 (21... Bxc4 $142 22. Qxc4 (22. Rxc4 {Ftacnik} e3 23.
fxe3 Nf5 24. Rf4 $16) 22... e3 23. f3 g5) (21... Re7 {Ftacnik} 22. Bh3 $16) 22.
Ne3 Qd6 23. Rxc8 Rxc8 24. Qb2 Qf6 25. Qd2 Rd8 26. Qa5 Qb6 (26... Rd7 {Ftacnik}
27. Rd1 Qe6 28. Qc5 $16) 27. Qxb6 axb6 28. Rd1 $1 Bxe2 (28... Kf8 29. Kg2 Ke8
30. Rd2 f5 (30... Bb7 31. g4 $16) 31. f4 $16) 29. Rxd4 {'!' Ftacnik. Ftacnik:
'Simple combination gives white two light pieces for the rook with excellent
coordination. '} (29. Bxe2 {Ftacnik} Nxe2+ 30. Kf1 Rxd1+ 31. Nxd1 Nc1 32. Nc3
f5 $11) 29... Rxd4 30. Bxe2 Rd2 31. Bc4 Rxa2 32. Nd5 Kf8 33. Nxb6 (33. g4 $1)
33... Ke7 34. g4 g6 35. Nd5+ Kd6 36. Ne3 f6 (36... Ra7 $142 37. Kg2 Ke5 38. Kg3
f5 39. gxf5 gxf5 40. f4+ exf3 41. Kxf3) 37. Bf7 $18 h5 38. Bxg6 hxg4 39. Bxe4
Ke5 40. Bf5 1-0

[Event "EU-ch 12th"]
[Site "Aix les Bains"]
[Date "2011.03.30"]
[Round "8"]
[White "Sargissian, Gabriel"]
[Black "Halkias, Stelios"]
[Result "1/2-1/2"]
[WhiteElo "2676"]
[BlackElo "2579"]
[Annotator "Marchand,A/Primel,D"]
[PlyCount "109"]
[EventDate "2011.03.22"]
[EventType "swiss"]
[EventRounds "11"]
[EventCountry "FRA"]
[SourceTitle "CBM 142 Extra"]
[Source "ChessBase"]
[SourceDate "2011.06.27"]
[SourceVersion "1"]
[SourceVersionDate "2011.06.27"]
[SourceQuality "1"]
[TimeControl "40/5400+30:1800+30"]

1. d4 d5 2. c4 e6 3. Nc3 c5 {La seule partie du tournoi alors que la défense
Tarrash revient pourtant un peu а la mode} 4. cxd5 (4. Nf3 $143 cxd4 $1 5. Nxd4
e5 $132) (4. e3 {Moins ambitieux} Nf6 5. Nf3 Nc6 (5... a6)) 4... exd5 5. Nf3
Nc6 6. g3 Nf6 7. Bg2 Be7 8. O-O O-O 9. Bg5 (9. dxc5 Bxc5 10. a3 {[%cal Gb2b4]}
Re8 (10... Be6 11. b4 Be7 12. Bb2 Rc8 13. Rc1 Qd7 14. e3 {[%csl Gd4]} Rfd8 15.
Ne2 Ne4 16. Nf4 $14 {Mikhalchishin,A (2518)-Halkias,S (2560) Vidmar Memorial
15th 2003 (8) 1/2}) (10... Ne4 $5 11. Nxd5 (11. Qxd5 Nxc3 12. Qxc5 Nxe2+ 13.
Kh1 Nxc1 14. Raxc1 Qf6 $11) 11... Be6 12. Nc3 Nxc3 13. bxc3 Qxd1 14. Rxd1 Rad8
15. Bb2 (15. Bg5 f6) 15... Na5 $44 {[%csl Gc4];Bacrot,E (2706)-Delchev,A (2622)
EU-ch 13th Plovdiv 2012 (4) 1/2}) 11. b4 $14 {Barsov,A (2517)-Berelowitsch,A 
(2571) BL2-West 0506 2005 (3.1) 1/2}) (9. b3) 9... c4 (9... cxd4 {La grande
ligne mais c4 est la variante а la mode} 10. Nxd4 h6 11. Be3 Re8 12. Rc1 Bf8
13. Qb3 $5 (13. Nxc6) (13. a3 Bg4 14. h3 Be6 15. Nxe6 fxe6 16. f4 Kh8 {Juptner,
J (2364)-Orsag,M (2393) CZE-chT 1213 2012 (9.6) 1/2})) (9... h6 10. Bxf6 $5 (
10. Bf4 {Plus courant}) 10... Bxf6 11. dxc5 Bxc3 12. bxc3 Be6 13. Nd4 Qa5 14.
Qb3 {[%cal Gb3b7,Gb3c3,Gb3d5]} Qxc5 15. e4 $36 {[%cal Gb3e6,Gd4e6];Panno,O 
(2570)-Ingolotti,J Pan American-chT 1971 (7.1) 1-0}) 10. Ne5 {[%cal Gf2f4]} (
10. Rc1 h6 11. Bxf6 Bxf6 12. e4 $13) 10... Be6 11. b3 (11. Nxc6 bxc6 12. b3 Qa5
13. Qd2 (13. Qc2 Rfd8 14. e3 Rac8 15. bxc4 dxc4 16. Bxf6 $14 {Browne,W (2510)
-Cunningham,R (2355) USA 1996 1-0}) 13... Bb4 (13... Rad8 14. Rfd1 Bb4 15. Bxf6
) 14. Bxf6 gxf6 15. Rfc1 Rac8 16. a3 $1 Bxc3 17. Rxc3 cxb3 18. Qb2 c5 19. Rxb3
c4 20. Rb5 $14 {Likavsky,T (2480)-Velchev,H (2302) Belgrade Trophy 19th 2006 
(1) 1-0}) (11. f4 {[%cal Gf4f5]} Ng4 12. Nxg4 (12. Bxe7 Nxe7 13. Qd2 (13. Nxg4)
13... f6 (13... Nxe5 $143 14. fxe5 Qd7 15. e4 $5 {Garcia Gonzales,G (2515)
-Braga,F (2410) Bayamo 1984 1/2} (15. e3 $5 {[%cal Gc3e2] C'était la première
fois que j'étais confronté а cette variante c5c4 ert comme mon adversaire
avait changé de répertoire , je n'avais rien révisé mais la nouveauté e3 est
intéressante afin de ramener le N vers l'aile-roi où les Blancs ont un
avantage d'espace.} Rab8 {[%cal Gb7b5]} 16. Ne2 Bh3 17. Nf4 $14 {[%cal Gf4h5,
Gh5g7,Gh5f6,Gf4h3,Gf1f2,Ga1f1];Primel,D-Bodicker,R (2170) Avoine 2012 (6) 1/2})
)) 12... Bxg4 13. Bxd5 Bxg5 14. fxg5 Qxg5 15. Rf4 $13 {Ivanchuk,V (2711)
-Grischuk,A (2702) FIDE GP Moscow rapid 2002 (5.4) 1/2}) (11. e3) 11... Qa5 (
11... Rc8 12. bxc4 dxc4 13. Rb1 Nxd4 (13... Qa5 14. Nxc6 {Harika,D (2445)
-Halkias,S (2564) Kavala op 2009 (9) 1/2}) 14. Rxb7 Bc5) 12. Qd2 Rad8 13. bxc4
(13. Nxc6 bxc6 14. Rfd1 (14. bxc4) 14... Bb4 15. Rdc1 $146 (15. Bxf6 gxf6 {
Bu Xiangzhi (2637)-Wang Rui (2474) Beijing zt 3.3 2005 (2) 1/2}) 15... c5 16.
Bxf6 gxf6 17. bxc4 $14 {Watson}) 13... Nxd4 (13... Bb4 {Gelfand,B (2714)
-Grischuk,A (2719) RUS-chT Sochi 2004 (7.1) 1-0}) 14. cxd5 {92} Bb4 (14... Qxc3
$5 15. Qxc3 Nxe2+ 16. Kh1 Nxc3 17. dxe6 fxe6 18. Bxb7 {Cvek,R (2518)-Litwak,A 
(2290) EU-Cup 25th Ohrid 2009 (2.5) 1-0}) 15. Bxf6 gxf6 16. Qxd4 Bxc3 17. Nc4
$146 ({RR} 17. Qh4 Bxd5 18. Ng4 Bxg2 19. Kxg2 Bxa1 20. Rxa1 Rd6 21. Nxf6+ Kg7
22. Nh5+ Kg8 23. Rd1 Rfd8 24. Qg4+ Kf8 25. Rxd6 Rxd6 26. Qg7+ Ke7 27. Qxh7 Qxa2
28. Nf4 Qc4 29. h4 a5 30. h5 a4 31. e4 a3 {Aleksandrov,A (2605)-Zamruk,A (2386)
/Minsk 2007/1/2-1/2 (39)}) 17... Bxd4 18. Nxa5 Bxa1 19. dxe6 Bc3 20. e7 Bxa5
21. exd8=Q Rxd8 22. Rb1 (22. Bxb7) 22... b6 23. Rc1 Rd7 24. Bh3 (24. Be4 {
[%csl Gf5][%cal Ge4d3]} Rd2 25. Rc2 Rxc2 $11 {[%csl Ga5,Ge4]}) 24... Re7 25. e3
Bb4 26. Rc4 Bc5 27. Bf5 h6 28. Kg2 Re5 29. Rg4+ Kf8 30. Bc2 (30. e4) 30... Rd5
31. Kf1 (31. Bb3 Rd2 {[%cal Gc5e3,Gd2g2]} 32. Kf3 $14) 31... Rd2 32. Rc4 Rd5
33. Ke2 Rh5 34. Be4 (34. h4) 34... Re5 (34... Rxh2 $6 35. Bf3 $1 {[%csl Gh5]
La Rh2 n'a plus de cases de repli} Kg7 (35... h5 36. Kf1 h4) 36. Kf1 {[%csl
Rh2]}) 35. Bd3 Rh5 36. Ra4 a5 37. Rf4 Kg7 38. h4 Rd5 39. a4 Rd8 40. Rf5 Rd7 41.
g4 Be7 42. f4 Rc7 43. Rd5 Kf8 44. Bb5 Rc2+ 45. Kf3 Rc3 46. Rd7 Ra3 47. Ke4 Bc5
48. Kf5 Rxe3 49. Kxf6 Be7+ 50. Kf5 Bxh4 51. Rb7 Re6 52. Bc4 Rf6+ 53. Ke4 Bg3
54. f5 Bh4 55. Bd5 1/2-1/2